[Event "Warsaw Najdorf Memorial op-B"]
[Site "Warsaw"]
[Date "2008.08.05"]
[Round "4"]
[White "Zuba, Maciej"]
[Black "Jarmula, Pawel"]
[Result "1-0"]
[WhiteElo "1917"]
[BlackElo "1549"]
[PlyCount "101"]
[EventDate "2008.08.02"]
[EventType "swiss"]
[EventRounds "9"]
[EventCountry "POL"]
[SourceTitle "CBM 126 Extra"]
[Source "ChessBase"]
[SourceDate "2008.11.05"]
[SourceVersion "1"]
[SourceVersionDate "2008.11.05"]
[SourceQuality "1"]

1. d4 Nf6 2. Nf3 g6 3. c4 Bg7 4. Nc3 d6 5. g3 0-0 6. Bg2 c5 7. 0-0 Nc6 8. d5 Na5 9. Nd2 a6 10. a3 Qc7 11. b3 Bf5 12. Bb2 Rab8 13. e4 Bd7 14. Qc2 b5 15. cxb5 axb5 16. Ne2 Rfc8 17. Rfc1 Qb6 18. h3 Nh5 19. Bxg7 Nxg7 20. Qb2 Nb7 21. Nf1 Nd8 22. Ne3 f6 23. Qd2 Nf7 24. Kh2 Ra8 25. f4 Rc7 26. b4 c4 27. a4 bxa4 28. Nxc4 Qb7 29. Na5 Qb6 30. Nd4 Rxc1 31. Rxc1 Nd8 32. Nc4 Qb8 33. Qc3 Ra7 34. Na5 Kf8 35. Ndc6 Bxc6 36. dxc6 Rc7 37. Qa3 Qb6 38. Qxa4 Qe3 39. Qc2 Qb6 40. Qc3 Nh5 41. e5 dxe5 42. fxe5 f5 43. Qd2 Nf7 44. e6 Nd6 45. Rd1 Nf6 46. Qc3 Rc8 47. Rxd6 Qc7 48. Rd7 Qb6 49. Qd4 Qxd4 50. Rxd4 Ke8 51. b5 1-0

[Event "Chojnice op"]
[Site "Chojnice"]
[Date "2005.??.??"]
[Round "3"]
[White "Hasinski, Sebastian"]
[Black "Zuba, Maciej"]
[Result "1-0"]
[WhiteElo "1811"]
[BlackElo "1800"]
[PlyCount "93"]
[EventDate "2005.05.27"]
[EventType "swiss"]
[EventRounds "9"]
[EventCountry "POL"]
[SourceTitle "EXT 2007"]
[Source "ChessBase"]
[SourceDate "2006.11.23"]
[SourceVersion "1"]
[SourceVersionDate "2006.11.23"]
[SourceQuality "1"]

1. Nf3 d5 2. d4 Nf6 3. c4 e6 4. Nc3 c6 5. Bf4 Nbd7 6. e3 Be7 7. Bd3 Nh5 8. Bg3 Nxg3 9. hxg3 Nf6 10. Rc1 Qa5 11. a3 dxc4 12. Bxc4 b5 13. Bd3 b4 14. axb4 Qxb4 15. Qa4 Bd7 16. Qxb4 Bxb4 17. 0-0 Ke7 18. Ne5 c5 19. dxc5 Bxc5 20. Bb5 Bd6 21. Nxd7 Nxd7 22. Rfd1 Nf6 23. Be2 Rhd8 24. Nb5 a6 25. Nd4 Ke8 26. Bf3 Rac8 27. Rxc8 Rxc8 28. Nxe6 fxe6 29. Rxd6 Ke7 30. Rxa6 Rc1+ 31. Kh2 Rc2 32. b4 Rb2 33. Ra7+ Kf8 34. Rb7 Rxf2 35. b5 Rb2 36. b6 Nd5 37. Rb8+ Ke7 38. b7 Kd7 39. Rg8 Rxb7 40. Rxg7+ Kc6 41. Rxb7 Kxb7 42. Bxd5+ exd5 43. g4 Kc7 44. Kg3 Kd6 45. Kf4 Ke6 46. g5 Kd6 47. Kf5 1-0